00417nam a22001337a 450000500170000000800410001704100130005808200130007110000120008424500450009626000860014130000300022765000260025720240513100125.0240513b |||||||| |||| 00| 0 eng d aEnglish  a349 LAW  lEnglish aThe Law Reports: Queen's Bench Division  aLondon: bThe Incorporated Council of Law Reporting for England and Wales, c1996 bxxix, 786 pages; c25 cm. aLegal practice bLaw